Geography Quiz

Random Geography or State Quiz

Venezuelan States Quiz Stats

Quiz not verified by Sporcle

Challenge
Share
Tweet
Embed
Score 0/23 Timer 15:00
0 Plays Today
Capital Answer % Correct
Cuidad BolivarBolivar
78.6%
MeridaMerida
78.6%
Puerto AyacuchoAmazonas
71.4%
BarinasBarinas
71.4%
MaracaiboZulia
71.4%
San Fernando de ApureApure
69%
TrujilloTrujillo
69%
BarquisimetoLara
66.7%
Los TequesMiranda
64.3%
ValenciaCarabobo
61.9%
CoroFalcon
61.9%
La AsuncionNueva Esparta
61.9%
Capital Answer % Correct
La GuairaVargas
61.9%
CumanaSucre
59.5%
San CristobalTachira
59.5%
BarcelonaAnzoategui
54.8%
San Juan De Los MorrosGuarico
54.8%
GuanarePortuguesa
54.8%
MaracayAragua
52.4%
TucupitaDelta Amacuro
52.4%
San CarlosCojedes
50%
MaturinMonagas
50%
San FelipeYaracuy
50%

You're not logged in!

Compare scores with friends on all Sporcle quizzes.
Join for Free
OR
Log In

You Might Also Like...

Show Comments

Extras

Top Quizzes Today


Score Distribution

Your Account Isn't Verified!

In order to create a playlist on Sporcle, you need to verify the email address you used during registration. Go to your Sporcle Settings to finish the process.

Report this User

Report this user for behavior that violates our Community Guidelines.

Details: